000 00276nam a22001337a 4500
008 170918b xxu||||| |||| 00| 0 eng d
020 _a045863015136
041 _aeng
080 _a7
100 _a44
101 _aART
245 _aMARY CASSATT
_cCRAZE,S
942 _2udc
_cBK
999 _c28060
_d28060